000 00641nam a2200229Ia 4500
003 OSt
005 20220923230113.0
006 a|||||r|||| 00| 0
007 ta
008 220922b |||||||| |||| 00| 0 hin d
024 _a277,361
037 _cTextual
040 _aARTS
_cARTS
_bhin
041 _2hin
_ahin
082 _aO152,3N29,SA, 153L3
100 _aFਰਮਾ, ਜਗਦੀF ਸਰਨ
_9168893
245 0 _aਸੰਤੁਲਨ
260 _c1973
650 _aਹਿੰਦੀ ਸਾਹਿਤ
942 _hO152,3N29,SA, 153L3
_cTEXL
_2CC
999 _c382478
_d382478